LEADER 00945nam0-22003011i-450- 001 990007896110403321 005 20040615093458.0 035 $a000789611 035 $aFED01000789611 035 $a(Aleph)000789611FED01 035 $a000789611 100 $a20040615d--------km-y0itay50------ba 101 $aeng 200 1 $aInstability of a spatially developing liquid sheet$fDe Luca Luigi , Costa Michela 210 $aCambridge$cCambridge University Press$d1997 700 1$aDe Luca,$bLuigi$01379 701 1$aCosta,$aMichela$0495839 801 0$aIT$bUNINA$gRICA$2UNIMARC 901 $aBK 912 $a990007896110403321 952 $a00 EST1836(1)$b3143$fDETEC 952 $a00 EST1836(2)$b3144$fDETEC 952 $a00 EST1836(3)$b3145$fDETEC 952 $a00 EST1836(4)$b3146$fDETEC 952 $a00 EST1836(5)$b3147$fDETEC 959 $aDETEC 996 $aInstability of a spatially developing liquid sheet$9667776 997 $aUNINA LEADER 01376nam2-2200397li-450 001 990000202840203316 005 20180312154700.0 010 $a3-540-58329-7 035 $a0020284 035 $aUSA010020284 035 $a(ALEPH)000020284USA01 035 $a0020284 100 $a20001109d1994----km-y0itay0103----ba 101 0 $aeng 102 $aGW 200 1 $aCONCUR'94$econcurrency theory$e5th international conference, Uppsala, Sweden, August 22-25, 1994$eproceedings$fBengt Jonsson (ed.) 210 $aBerlin [etc.]$cSpringer-Verlag$dcopyr. 1994 215 $aIX, 528 p.$cill.$d24 cm 225 2 $aLecture notes in computer science$v836 410 0$10010020264$12001$aLecture notes in computer science 610 1 $acongressi$auppsala$a1994 610 1 $aelaboratori elettronici$asistemi operativi$aprogrammazione$acongressi$a1994 676 $a00542$9Programmazione di sistema 702 1$aJonsson,$bBengt 801 $aSistema bibliotecario di Ateneo dell' Università di Salerno$gRICA 912 $a990000202840203316 951 $a001 LNCS (836)$b0016362$c001$d00103571 959 $aBK 969 $aSCI 979 $c19950328 979 $c20001110$lUSA01$h1714 979 $aALANDI$b90$c20010131$lUSA01$h1023 979 $c20020403$lUSA01$h1628 979 $aPATRY$b90$c20040406$lUSA01$h1615 996 $aCONCUR'94$91489201 997 $aUNISA LEADER 01104cam2-2200325---450 001 990001304750203316 005 20220527104332.0 035 $a000130475 035 $aUSA01000130475 035 $a(ALEPH)000130475USA01 035 $a000130475 100 $a20031217d1959----km-y0itay50------ba 101 0 $aita 102 $aIT 105 $aaf||||||001yy 200 1 $a3: Dalla pace di Aquisgrana all'avvento di Camillo Cavour$fa cura di Ettore Passerin d'Entrèves ... [et al.] 210 $aTorino$cUnione tipografico-editrice torinese$d1959 215 $aXI, 833 p., [6] carte di tavole, [3] carte geografiche$cill.$d27 cm 461 0$1001000244195$12001$aStoria d'Italia 607 $aItalia$z1748-1796$xStoria$2BNCF 676 $a945.074 702 1$aPASSERIN D'ENTRÈVES,$bEttore 801 0$aIT$bsalbc$gISBD 912 $a990001304750203316 951 $aX.4. 6/3(III A 218/3)$b12408 L.M.$cX.4.$d00350717 951 $aX.4. 6/3a(A 2 4 5)$b7028 CSSM$cX.4.$d391494 959 $aBK 969 $aUMA 996 $aPace di Aquisgrana all'avvento di Camillo Cavour$91885743 997 $aUNISA